Slovenia: Spring Report 2006 (Record no. 6358)

MARC details
000 -LEADER
fixed length control field 00527nam a22002057i 4500
001 - CONTROL NUMBER
control field 7464
003 - CONTROL NUMBER IDENTIFIER
control field OSt
005 - DATE AND TIME OF LATEST TRANSACTION
control field 20181112112459.0
007 - PHYSICAL DESCRIPTION FIXED FIELD--GENERAL INFORMATION
fixed length control field tu
008 - FIXED-LENGTH DATA ELEMENTS--GENERAL INFORMATION
fixed length control field 161220s2006 xxu||||| |||| 00| 0 d
024 7# - OTHER STANDARD IDENTIFIER
Standard number or code 7464
Source of number or code RID
024 7# - OTHER STANDARD IDENTIFIER
Standard number or code 7464
Source of number or code RSN (alt)
040 ## - CATALOGING SOURCE
Transcribing agency OSt
110 2# - MAIN ENTRY--CORPORATE NAME
Corporate name or jurisdiction name as entry element Institute of Macroeconomic Analysis and Development
245 00 - TITLE STATEMENT
Title Slovenia: Spring Report 2006
260 ## - PUBLICATION, DISTRIBUTION, ETC.
Place of publication, distribution, etc. Ljubljana,
Date of publication, distribution, etc. 2006.
300 ## - PHYSICAL DESCRIPTION
Extent 200 S. ;
Dimensions 21cm.
490 ## - SERIES STATEMENT
Series statement Analysis, Research and Development Series
International Standard Serial Number 1318-3869
942 ## - ADDED ENTRY ELEMENTS (KOHA)
Koha item type Paper
Holdings
Withdrawn status Lost status Damaged status Not for loan Home library Current library Shelving location Date acquired Inventory number Total Checkouts Barcode Date last seen Price effective from Koha item type
        WIIW WIIW Library 09/07/2006 7464   10003349 01/26/2017 01/26/2017 Paper
The Vienna Instiute for International Economic Studies (wiiw)